000
00293nam a2200133Ia 4500
100
_a
Subramaniyam/N
942
_c
BK
654
_a
atomic
245
_a
Atomic and nuclear physics
260
_b
S.Chand and Co.
_a
New Dellhi
_c
1984
082
_a
539.7
_b
SUB
300
_a
384
546
_a
ENGLISH
999
_c
20835
_d
20835